[Event "GBR-ch U1600 op 104th"]
[Site "Llandudno"]
[Date "2017.08.02"]
[Round "3"]
[White "Miles, Barry S"]
[Black "Revitt, Ian"]
[Result "1-0"]
[WhiteElo "115"]
[BlackElo "102"]
[PlyCount "55"]
[EventDate "2017.07.31"]
[EventType "swiss"]
[EventRounds "5"]
[EventCountry "WLS"]
[SourceTitle "EXT 2019"]
[Source "ChessBase"]
[SourceDate "2018.10.10"]
[SourceVersion "1"]
[SourceVersionDate "2018.10.10"]
[SourceQuality "1"]

1. d4 d5 2. c4 dxc4 3. Nc3 e6 4. e4 Nc6 5. Nf3 Nf6 6. Bxc4 a6 7. a3 Be7 8. 0-0 0-0 9. h3 b5 10. Ba2 Bb7 11. Bf4 Na7 12. Qe2 c5 13. dxc5 Bxc5 14. Rfd1 Qb6 15. b4 Rad8 16. bxc5 Qxc5 17. Rxd8 Rxd8 18. Rd1 Rc8 19. Qd3 Qe7 20. Bd6 Qd7 21. e5 Ne8 22. Ne4 Bxe4 23. Qxe4 Nxd6 24. Rxd6 Rc1+ 25. Kh2 Qc8 26. Ng5 g6 27. Nxe6 Nc6 28. Ng5 1-0

[Event "GBR-ch Yates op 104th"]
[Site "Llandudno"]
[Date "2017.07.30"]
[Round "4"]
[White "Revitt, Ian"]
[Black "Fraser, Chris A"]
[Result "0-1"]
[WhiteElo "102"]
[BlackElo "119"]
[PlyCount "74"]
[EventDate "2017.07.28"]
[EventType "swiss"]
[EventRounds "5"]
[EventCountry "WLS"]
[SourceTitle "EXT 2019"]
[Source "ChessBase"]
[SourceDate "2018.10.10"]
[SourceVersion "1"]
[SourceVersionDate "2018.10.10"]
[SourceQuality "1"]

1. e4 c5 2. Nf3 g6 3. Bc4 Bg7 4. c3 e6 5. 0-0 Ne7 6. d4 cxd4 7. cxd4 d5 8. exd5 exd5 9. Bb5+ Nbc6 10. Nc3 0-0 11. Bxc6 Nxc6 12. Rb1 Bf5 13. Ra1 Nb4 14. Qb3 Nc2 15. Be3 Nxa1 16. Rxa1 Qd7 17. Nh4 Be6 18. Qd1 Rac8 19. Qd2 Rc4 20. b3 Rcc8 21. Ne2 Bf6 22. Nf3 Rc7 23. Bf4 Rcc8 24. Be5 Bg7 25. Bxg7 Kxg7 26. h4 h6 27. Ne5 Qe7 28. g3 Bf5 29. Re1 Rc2 30. Qe3 Rxa2 31. Nc3 Ra5 32. Kg2 Rc8 33. Qd2 Qb4 34. Nb1 Qxd2 35. Nxd2 Ra2 36. Ndf3 Rcc2 37. Rf1 Rcb2 0-1